कलात्मक मेहंदी (Record no. 452380)

MARC details
000 -LEADER
fixed length control field 00474nam a2200145Ia 4500
008 - FIXED-LENGTH DATA ELEMENTS--GENERAL INFORMATION
fixed length control field 100204s9999 xx 000 0 und d
082 ## - DEWEY DECIMAL CLASSIFICATION NUMBER
Item number 7944
100 ## - MAIN ENTRY--PERSONAL NAME
Personal name दळवी काला
245 ## - TITLE STATEMENT
Title कलात्मक मेहंदी
260 ## - PUBLICATION, DISTRIBUTION, ETC. (IMPRINT)
Name of publisher, distributor, etc "गाला पब्लिशर्स, अहमदाबाद"
300 ## - PHYSICAL DESCRIPTION
Extent 48
630 ## - SUBJECT ADDED ENTRY--UNIFORM TITLE
Uniform title कलात्मक मेहंदी
730 ## - ADDED ENTRY--UNIFORM TITLE
Uniform title कलात्मक मेहंदी
942 ## - ADDED ENTRY ELEMENTS (KOHA)
Koha item type Book
Holdings
Withdrawn status Lost status Damaged status Not for loan Home library Current library Date acquired Cost, normal purchase price Total Checkouts Full call number Barcode Date last seen Cost, replacement price Price effective from Koha item type
        N. C. Kelkar Sarvajanik Library, Mulund N. C. Kelkar Sarvajanik Library, Mulund 02/04/2010 12.00   7944 NCKMULUND-7944 02/04/2010 12.00 02/04/2010 Book